Largest Cities South of the Tropic of Capricorn - Statistics

General Stats
  • This quiz has been taken 884 times
    851 since last reset
  • The average score is 17 of 30
Answer Stats
# Population Answer % Correct
1 16,800,000 Buenos Aires
99%
4 5,450,000 Sydney
98%
6 4,375,000 Cape Town
96%
2 14,500,000 Johannesburg
96%
5 5,150,000 Melbourne
96%
3 8,000,000 Santiago
96%
13 2,125,000 Perth
92%
18 1,470,000 Auckland
90%
21 1,380,000 Adelaide
84%
10 3,300,000 Brisbane
84%
14 1,870,000 Montevideo
84%
16 1,763,336 Pretoria
78%
8 3,525,000 Durban
73%
12 2,400,000 Maputo
64%
11 2,425,000 Asunción
63%
17 1,690,000 Córdoba
57%
19 1,410,000 Port Elizabeth
56%
20 1,390,000 Rosario
49%
7 4,175,000 Porto Alegre
47%
24 1,040,000 Valparaíso
39%
30 702,038 Gold Coast
35%
9 3,500,000 Curitiba
34%
22 1,120,000 Mendoza
32%
28 722,929 Concepción
18%
25 1,030,000 Florianópolis
17%
23 1,040,000 San Miguel de Tucumán
14%
26 852,800 La Plata
12%
15 1,770,000 Santos
9%
27 728,063 Soshanguve
2%
29 719,842 Itajaí
1%
No matching quizzes found
Score Distribution
Percent of People with Each Score
Percentile by Number Answered
Your Score History
You have not taken this quiz since the last reset